[Event "Harlingen"]
[Site "Harlingen"]
[Date "1991.??.??"]
[Round "1"]
[White "Timman, Jan H"]
[Black "Piket, Jeroen"]
[Result "1-0"]
[WhiteElo "2630"]
[BlackElo "2550"]
[PlyCount "113"]
[EventDate "1991.??.??"]
[Source "ChessBase"]

1. Nf3 Nf6 2. g3 g6 3. b3 Bg7 4. Bb2 O-O 5. Bg2 a5 6. O-O a4 7. b4 d5 8. Na3 Nbd7 9. c4 Re8 10. d3 e5 11. Qc2 c6 12. e4 Bf8 13. exd5 Bxb4 14. dxc6 bxc6 15. c5 Ba6 16. Nc4 a3 17. Bxe5 Bxc5 18. d4 Nxe5 19. Nfxe5 Bxd4 20. Nxc6 Qc7 21. Nxd4 Qxc4 22. Bxa8 Qxc2 23. Nxc2 Bxf1 24. Bc6 Rc8 25. Nxa3 Rxc6 26. Kxf1 Ne4 27. Re1 f5 28. Re2 Ra6 29. Nb5 Ra5 30. Rb2 Kf7 31. f3 Nc5 32. a3 Ke6 33. Rb4 Nd3 34. Rb1 Kd5 35. Ke2 Kc4 36. Nd6+ Kc3 37. Nb5+ Kc4 38. Ke3 g5 39. f4 gxf4+ 40. gxf4 Nc5 41. Rb4+ Kd5 42. Nc3+ Kc6 43. a4 Ra7 44. Rc4 Re7+ 45. Kf3 Rd7 46. Nb5 Rd3+ 47. Kg2 Kd5 48. Rc3 Rxc3 49. Nxc3+ Kd4 50. Nb5+ Ke4 51. a5 Kxf4 52. Nc7 Ke3 53. a6 Nd7 54. Nd5+ Ke2 55. a7 f4 56. a8=Q f3+ 57. Kh3 1-0

[Event "Hastings Premier 9798"]
[Site "Hastings"]
[Date "1998.01.04"]
[Round "6"]
[White "Rausis, Igors"]
[Black "Sadler, Matthew"]
[Result "1/2-1/2"]
[WhiteElo "2490"]
[BlackElo "2665"]
[PlyCount "82"]
[EventDate "1997.12.29"]
[Source "ChessBase"]
[SourceDate "1998.04.09"]

1. Nf3 Nf6 2. g3 g6 3. Bg2 Bg7 4. O-O O-O 5. c4 d6 6. d4 Bf5 7. b3 Qc8 8. Bb2 Na6 9. Nc3 c6 10. Re1 Ne4 11. Rc1 Nxc3 12. Bxc3 Be4 13. Bf1 d5 14. Nd2 Bf5 15. Bg2 Qd7 16. e3 Rfe8 17. Qe2 Nc7 18. Qf1 Rad8 19. h3 c5 20. g4 cxd4 21. exd4 Be6 22. Nf3 f6 23. Bd2 Bf7 24. Bf4 Ne6 25. Be3 Qd6 26. c5 Qc7 27. Qb5 Rc8 28. b4 Nf8 29. Qa5 Qb8 30. g5 Ne6 31. b5 fxg5 32. Qd2 h6 33. h4 gxh4 34. Bxh6 Bxh6 35. Qxh6 Qf4 36. Qxf4 Nxf4 37. Bf1 Kg7 38. Re3 Kf6 39. Ne5 Be6 40. Ra3 Ra8 41. Nd3 Nxd3 1/2-1/2

[Event "Beograd"]
[Site "?"]
[Date "1991.??.??"]
[Round "?"]
[White "Damljanovic, B."]
[Black "Lautier, J."]
[Result "1-0"]
[WhiteElo "2585"]
[BlackElo "2560"]
[PlyCount "83"]
[EventDate "1991.??.??"]
[Source "ChessBase"]
[SourceDate "1991.10.01"]

1. Nf3 Nf6 2. g3 g6 3. b3 Bg7 4. Bb2 O-O 5. Bg2 d6 6. O-O e5 7. d3 Nc6 8. c4 h6 9. Nc3 Bg4 10. h3 Be6 11. d4 Bd7 12. dxe5 dxe5 13. e4 Re8 14. Re1 Qc8 15. Kh2 Nh7 16. Qd2 Nd4 17. Nxd4 exd4 18. Nb5 Rd8 19. e5 Bc6 20. f4 d3 21. Rad1 Nf8 22. Re3 Bxg2 23. Qxg2 a6 24. Nc3 b5 25. Nd5 Kh8 26. Rexd3 Qb7 27. Ne3 Qxg2+ 28. Kxg2 Re8 29. Kf3 Kg8 30. Bc3 Ne6 31. Rd7 c6 32. Ng4 bxc4 33. bxc4 Reb8 34. Nf2 Nc5 35. Rc7 Na4 36. Ne4 Nxc3 37. Nxc3 Rc8 38. Rdd7 Rxc7 39. Rxc7 Rd8 40. Ke2 f6 41. exf6 Bxf6 42. Ne4 1-0

[Event "Villa Martelli"]
[Site "Villa Martelli"]
[Date "1997.06.01"]
[Round "1"]
[White "Ricardi, Pablo"]
[Black "Sutovsky, Emil"]
[Result "0-1"]
[WhiteElo "2575"]
[BlackElo "2560"]
[PlyCount "137"]
[EventDate "1997.06.01"]
[Source "ChessBase"]
[SourceDate "1997.10.13"]

1. Nf3 Nf6 2. g3 g6 3. b4 Bg7 4. Bb2 c6 5. c4 d5 6. Qc2 dxc4 7. Qxc4 Be6 8. Qd4 Nbd7 9. Nc3 O-O 10. Bg2 Nb6 11. Qxd8 Rfxd8 12. Rb1 Nc4 13. Bc1 Nd5 14. Nxd5 Bxd5 15. a3 Nd6 16. d4 Bxd4 17. Nxd4 Bxg2 18. Rg1 Be4 19. Ra1 Nc4 20. Nb3 Bc2 21. Nd2 a5 22. f3 Ne3 23. bxa5 Rxa5 24. Nb3 Re5 25. Na5 Rd7 26. Bxe3 Rxe3 27. Kf2 Re6 28. Ra2 Ba4 29. Rb1 b5 30. Nb3 Rd5 31. e4 Rh5 32. Ke3 Rd6 33. g4 Bxb3 34. Rxb3 Rc5 35. a4 bxa4 36. Rxa4 Rc2 37. Ra7 e5 38. Re7 c5 39. Rxe5 c4 40. Rb8+ Kg7 41. Rd5 Rf6 42. f4 Rxh2 43. f5 Ra6 44. g5 gxf5 45. Rxf5 Ra7 46. Rc5 Rh3+ 47. Kf4 Rh4+ 48. Kf5 Ra3 49. Rcc8 Rf3+ 50. Ke5 Kg6 51. Rg8+ Kh5 52. Rbc8 Rg4 53. Rxc4 f6+ 54. Ke6 fxg5 55. Rc7 Rxe4+ 56. Kd5 Re1 57. Rxh7+ Kg4 58. Kd4 Rf4+ 59. Kd3 Rf6 60. Rh2 Kg3 61. Kd2 Re7 62. Rh5 Rd6+ 63. Kc3 Rc7+ 64. Kb4 g4 65. Re5 Rb6+ 66. Ka5 Rb1 67. Ka6 Rc6+ 68. Ka5 Rc3 69. Ka4 0-1

[Event "Belgrade YUG"]
[Site "Belgrade SCG"]
[Date "1992.??.??"]
[Round "?"]
[White "Damljanovic, Branko"]
[Black "Kozul, Zdenko"]
[Result "0-1"]
[WhiteElo "2585"]
[BlackElo "2540"]
[PlyCount "120"]
[EventDate "1992.??.??"]
[Source "www.chesslib.no"]
[SourceDate "2004.05.04"]

1. Nf3 Nf6 2. g3 g6 3. b3 Bg7 4. Bb2 O-O 5. Bg2 d5 6. O-O c6 7. d3 Bg4 8. Nbd2 Bxf3 9. Nxf3 e6 10. c4 Ne8 11. Qc2 Bxb2 12. Qxb2 Qf6 13. d4 Nd7 14. Rac1 Qe7 15. Nd2 f5 16. e3 h5 17. b4 a6 18. a4 b5 19. axb5 axb5 20. c5 h4 21. Ra1 Nef6 22. Rxa8 Rxa8 23. Ra1 Qd8 24. Ra3 hxg3 25. hxg3 Ne8 26. Qa1 Nc7 27. Ra5 Qc8 28. Nf3 Kf7 29. Ng5+ Kf6 30. f4 Ra6 31. Kf2 Rxa5 32. Qxa5 Ke7 33. Bf3 Qb8 34. Qa1 Qa8 35. Qh1 Nf6 36. Be2 Qg8 37. Ke1 Ne4 38. Qh4 Nxg5 39. Qxg5+ Kd7 40. g4 Qh7 41. gxf5 gxf5 42. Kd2 Qh1 43. Qg8 Qb1 44. Qf8 Qxb4+ 45. Kd1 Qc3 46. Qd6+ Kc8 47. Qxc6 Qxe3 48. Qd6 Qxd4+ 49. Ke1 Qa1+ 50. Kf2 Qa6 51. c6 Qb6+ 52. Kf3 Kb8 53. Bxb5 Ka7 54. Qa3+ Kb8 55. Qd6 Ka7 56. Qa3+ Kb8 57. Qd6 Qa5 58. Bd3 Ka7 59. Qd8 Kb6 60. Bf1 Qa8 0-1

[Event "Belgrade Trako"]
[Site "Belgrade"]
[Date "1995.??.??"]
[Round "6"]
[White "Piskov, Yury"]
[Black "Komarov, Dimitri"]
[Result "1/2-1/2"]
[WhiteElo "2540"]
[BlackElo "2575"]
[PlyCount "25"]
[EventDate "1995.03.??"]
[Source "ChessBase"]

1. Nf3 Nf6 2. g3 g6 3. b3 Bg7 4. Bb2 O-O 5. Bg2 d5 6. d4 c6 7. O-O Ne4 8. Nbd2 Bf5 9. h3 Nd7 10. g4 Nxd2 11. Nxd2 Be6 12. f4 f5 13. e3 1/2-1/2

[Event "Corr"]
[Site "?"]
[Date "1998.06.01"]
[Round "2"]
[White "Stoljar Sergey"]
[Black "Al Thani Mohamed"]
[Result "1/2-1/2"]
[WhiteElo "2485"]
[BlackElo "2630"]
[PlyCount "40"]
[EventDate "1998.??.??"]
[Source "www.chesslib.no"]
[SourceDate "2004.05.04"]

1. Nf3 Nf6 2. g3 g6 3. Bg2 Bg7 4. O-O O-O 5. c4 d6 6. Nc3 a6 7. d3 c6 8. a4 a5 9. h3 Na6 10. e4 Nd7 11. Be3 e5 12. d4 Nb4 13. d5 Nc5 14. Ne1 f5 15. f3 Qe7 16. Ra3 f4 17. Bxc5 dxc5 18. g4 Bd7 19. Rf2 Rad8 20. Rd2 h5 1/2-1/2

[Event "Mar del Plata"]
[Site "Mar del Plata"]
[Date "1971.??.??"]
[Round "5"]
[White "Gheorghiu, Florin"]
[Black "Savon, Vladimir A"]
[Result "1/2-1/2"]
[WhiteElo "2530"]
[BlackElo "2570"]
[PlyCount "54"]
[EventDate "1971.03.??"]
[Source "ChessBase"]

1. Nf3 Nf6 2. g3 g6 3. b3 d5 4. Bb2 c5 5. c4 dxc4 6. bxc4 Bg7 7. Bg2 O-O 8. O-O Nc6 9. d3 Rb8 10. Ne5 Na5 11. Bc3 Nd7 12. Nxd7 Bxd7 13. Bxg7 Kxg7 14. Nd2 b6 15. Nb3 Nc6 16. e3 e5 17. Qd2 Qf6 18. f4 Rbe8 19. fxe5 Qxe5 20. Rae1 Re7 21. d4 Qd6 22. Qc3 f6 23. dxc5 bxc5 24. Rd1 Qe5 25. Qxe5 Nxe5 26. Nxc5 Bg4 27. Rd4 Be2 1/2-1/2

[Event "Moscow RUS"]
[Site "?"]
[Date "1961.??.??"]
[Round "?"]
[White "Smyslov Vassily V"]
[Black "Kortschnoj Viktor"]
[Result "1-0"]
[WhiteElo "2494"]
[BlackElo "2601"]
[PlyCount "139"]
[EventDate "1961.??.??"]
[Source "www.chesslib.no"]
[SourceDate "2004.05.04"]

1. Nf3 Nf6 2. g3 g6 3. b4 Bg7 4. Bb2 d5 5. Bg2 c6 6. O-O a5 7. bxa5 Qxa5 8. d3 O-O 9. Nbd2 Qb6 10. Qc1 c5 11. a3 Nc6 12. Rb1 Qc7 13. e4 dxe4 14. dxe4 Rd8 15. Re1 Ra4 16. Bc3 Nd4 17. Nxd4 cxd4 18. Bb4 e5 19. Nf3 Ra6 20. Qd2 Rc6 21. Rb2 Ne8 22. Bf1 Nd6 23. Bd3 Nc4 24. Bxc4 Rxc4 25. Ba5 Qd6 26. Bxd8 Qxd8 27. Reb1 Qc7 28. Ne1 Bf8 29. Rb3 Bd6 30. Qd3 Qc5 31. c3 Be6 32. Rb5 Qxa3 33. cxd4 Qxd3 34. Nxd3 Rxd4 35. Nxe5 Rxe4 36. Nf3 Bc8 37. Rd1 Bf8 38. Ne5 Kg7 39. Nd7 Ba3 40. Rb3 Be7 41. Rc3 Bxd7 42. Rxd7 b6 43. Rc6 Re5 44. Rxb6 Bc5 45. Rb2 h5 46. Kg2 Re7 47. Rxe7 Bxe7 48. Kf3 Bf6 49. Ra2 Bc3 50. Ke4 Kf8 51. Kd5 Kg8 52. Kd6 Kf8 53. h3 f5 54. Ke6 Bd4 55. Rd2 Bc3 56. Rd7 Bb2 57. Rc7 Bd4 58. f3 Bb2 59. Rc2 Ba1 60. Rg2 Kg7 61. g4 fxg4 62. hxg4 Kh6 63. Kf7 Be5 64. gxh5 g5 65. Re2 Bc3 66. Rh2 Be1 67. Kf6 Bg3 68. Rh1 Bf2 69. Kf5 Bh4 70. Kg4 1-0

[Event "Karadjordje Serbia"]
[Site "Topola"]
[Date "2004.05.04"]
[Round "1"]
[White "Ivanisevic, Ivan"]
[Black "Pavlovic, Milos"]
[Result "1/2-1/2"]
[WhiteElo "2550"]
[BlackElo "2545"]
[PlyCount "38"]
[EventDate "2004.05.04"]
[Source "ChessBase"]
[SourceDate "2004.07.27"]

1. Nf3 Nf6 2. g3 g6 3. b4 Bg7 4. Bb2 O-O 5. Bg2 d5 6. d3 c6 7. Nbd2 a5 8. a3 axb4 9. axb4 Rxa1 10. Bxa1 Na6 11. c3 Ne8 12. O-O Nd6 13. Qb3 e5 14. e4 dxe4 15. dxe4 Be6 16. c4 f6 17. Rb1 Qe7 18. Bf1 Ra8 19. Bb2 Nc7 1/2-1/2

[Event "CRO-Cup"]
[Site "?"]
[Date "1998.??.??"]
[Round "5"]
[White "Dizdar Goran"]
[Black "Cvitan Ognjen"]
[Result "1/2-1/2"]
[WhiteElo "2530"]
[BlackElo "2560"]
[PlyCount "20"]
[EventDate "1998.??.??"]
[Source "www.chesslib.no"]
[SourceDate "2004.05.04"]

1. Nf3 Nf6 2. g3 g6 3. Bg2 Bg7 4. O-O O-O 5. c4 c6 6. b3 d6 7. Bb2 e5 8. d3 Re8 9. Nbd2 c5 10. Ng5 Nc6 1/2-1/2

[Event "It (open) \"]
[Site "Minsk (Belarus)"]
[Date "2007.07.14"]
[Round "5"]
[White "Zablotsky Sergei (RUS)"]
[Black "Kurnosov Igor (RUS)"]
[Result "1/2-1/2"]
[WhiteElo "2498"]
[BlackElo "2579"]
[PlyCount "24"]
[EventDate "2007.??.??"]
[Source "www.chesslib.no"]
[SourceDate "2004.05.04"]

1. Nf3 Nf6 2. g3 g6 3. Bg2 Bg7 4. O-O c5 5. c4 O-O 6. d4 cxd4 7. Nxd4 d5 8. cxd5 Nxd5 9. Nb5 Be6 10. Nd4 Bc8 11. Nb5 Be6 12. Nd4 Bc8 1/2-1/2

[Event "GRE Ch"]
[Site "Greece"]
[Date "1993.??.??"]
[Round "5"]
[White "Skembris, Spyridon"]
[Black "Grivas, Efstratios"]
[Result "1/2-1/2"]
[WhiteElo "2560"]
[BlackElo "2505"]
[PlyCount "53"]
[EventDate "1993.??.??"]
[Source "www.chesslib.no"]
[SourceDate "2004.05.04"]

1. Nf3 Nf6 2. g3 g6 3. b4 Bg7 4. Bb2 d5 5. Bg2 a5 6. b5 c5 7. a4 Nbd7 8. O-O O-O 9. d3 b6 10. c4 e6 11. Ne5 Nxe5 12. Bxe5 Bb7 13. d4 Rc8 14. dxc5 Rxc5 15. Nd2 Ne4 16. Bxg7 Kxg7 17. Rc1 Qc7 18. Bxe4 dxe4 19. Nb3 Rxc4 20. Qd4+ Rxd4 21. Rxc7 Rb4 22. Rxb7 Rxb3 23. Rd1 Rb4 24. Rd6 Kf6 25. Rdxb6 Rxa4 26. Ra6 h5 27. b6 1/2-1/2

[Event "NED-chT 9697"]
[Site "?"]
[Date "1996.??.??"]
[Round "?"]
[White "Cifuentes Parada Roberto"]
[Black "Van Wely Loek"]
[Result "1/2-1/2"]
[WhiteElo "2490"]
[BlackElo "2570"]
[PlyCount "87"]
[EventDate "1996.??.??"]
[Source "www.chesslib.no"]
[SourceDate "2004.05.04"]

1. Nf3 Nf6 2. g3 g6 3. b3 d5 4. Bb2 c5 5. c4 d4 6. e3 Nc6 7. exd4 cxd4 8. d3 Bg7 9. Bg2 O-O 10. O-O Nd7 11. Na3 Nc5 12. Nc2 Bf5 13. Nfe1 Qd7 14. Ba3 b6 15. g4 Be6 16. f4 Rac8 17. h3 f5 18. g5 Bf7 19. Nf3 Rfe8 20. Nb4 Nxb4 21. Bxb4 e5 22. fxe5 Bxe5 23. Nxe5 Rxe5 24. Bd2 Nxd3 25. Qc2 Nc5 26. Bf4 d3 27. Qc3 Re2 28. Rad1 Rce8 29. Bf3 Qe7 30. Rf2 Rxf2 31. Kxf2 Ne4+ 32. Bxe4 Qxe4 33. Kg3 Rd8 34. Re1 d2 35. Rxe4 d1=Q 36. Re3 Qg1+ 37. Kh4 Qf2+ 38. Bg3 Qd2 39. Qf6 Rd7 40. Be5 Qf2+ 41. Rg3 Kf8 42. Bd6+ Kg8 43. Be5 Kf8 44. Bd6+ 1/2-1/2

[Event "Andorra"]
[Site "?"]
[Date "1997.??.??"]
[Round "?"]
[White "Marin, Mihail"]
[Black "Georgiev, Vl"]
[Result "1/2-1/2"]
[WhiteElo "2545"]
[BlackElo "2515"]
[PlyCount "63"]
[EventDate "1997.??.??"]
[Source "ChessBase"]
[SourceDate "1997.06.01"]

1. Nf3 Nf6 2. g3 g6 3. b4 Bg7 4. Bb2 d6 5. Bg2 O-O 6. O-O e5 7. d3 c6 8. Nbd2 Re8 9. e4 a5 10. a3 axb4 11. axb4 Rxa1 12. Qxa1 Na6 13. Qa3 Qc7 14. Re1 d5 15. c4 dxe4 16. Nxe4 Nxe4 17. Rxe4 c5 18. bxc5 Nxc5 19. Re3 Bd7 20. Ng5 h6 21. Ne4 Nxe4 22. Bxe4 Bf8 23. Qb3 Bc5 24. Re1 b6 25. Bd5 Kg7 26. Qd1 f6 27. Kg2 Bc6 28. d4 exd4 29. Rxe8 Bxe8 30. Bxd4 Bxd4 31. Qxd4 Bf7 32. Bxf7 1/2-1/2

[Event "Bor"]
[Site "Bor"]
[Date "1983.??.??"]
[Round "6"]
[White "Rukavina, Josip"]
[Black "Tukmakov, Vladimir B"]
[Result "1/2-1/2"]
[WhiteElo "2465"]
[BlackElo "2590"]
[PlyCount "63"]
[EventDate "1983.10.??"]
[Source "ChessBase"]

1. Nf3 Nf6 2. g3 g6 3. b3 d5 4. c4 d4 5. b4 Bg7 6. d3 c5 7. bxc5 Nc6 8. Bg2 O-O 9. O-O h6 10. Nbd2 e5 11. Rb1 Re8 12. Ne1 Qc7 13. Qb3 Nd8 14. Nc2 Ne6 15. Ba3 Nxc5 16. Qb5 Ncd7 17. Nb3 Rb8 18. c5 Nf8 19. Nb4 Bd7 20. Qa5 b6 21. cxb6 axb6 22. Nd5 Nxd5 23. Qxd5 Be6 24. Qb5 Qa7 25. Bd6 Rbd8 26. Rb2 Bd7 27. Qb4 Rc8 28. Nd2 Bc6 29. Nc4 Bxg2 30. Kxg2 Nd7 31. Qb5 Re6 32. Bb4 1/2-1/2

[Event "Sochi"]
[Site "Sochi"]
[Date "1973.??.??"]
[Round "4"]
[White "Spiridonov, Nikola"]
[Black "Smejkal, Jan"]
[Result "0-1"]
[WhiteElo "2465"]
[BlackElo "2570"]
[PlyCount "76"]
[EventDate "1973.??.??"]
[Source "ChessBase"]

1. Nf3 Nf6 2. g3 g6 3. b4 Bg7 4. Bb2 c6 5. c4 d5 6. cxd5 cxd5 7. Qb3 O-O 8. Bg2 Nc6 9. b5 Na5 10. Qb4 Nc4 11. Bc3 a5 12. Qb3 Bg4 13. d3 Bxf3 14. Bxf3 Nb6 15. O-O Qd6 16. Nd2 Rfc8 17. Rac1 Nfd7 18. Bxg7 Kxg7 19. Nb1 e6 20. Qb2+ f6 21. Bg4 Kf7 22. Rxc8 Rxc8 23. Qd2 Qb4 24. d4 Qxd2 25. Nxd2 Rc2 26. Nb3 f5 27. Bf3 Rxa2 28. Nc5 Nxc5 29. dxc5 Nc4 30. c6 bxc6 31. bxc6 Ke7 32. Rb1 Rb2 33. Rc1 Kd6 34. e4 fxe4 35. Bxe4 a4 36. Bd3 a3 37. Bxc4 dxc4 38. Rxc4 a2 0-1

[Event "Sibenik"]
[Site "?"]
[Date "2006.09.25"]
[Round "4.2"]
[White "Horvath Csaba"]
[Black "Lenic Luka"]
[Result "0-1"]
[WhiteElo "2534"]
[BlackElo "2500"]
[PlyCount "74"]
[EventDate "2006.??.??"]
[Source "www.chesslib.no"]
[SourceDate "2004.05.04"]

1. Nf3 Nf6 2. g3 g6 3. b3 Bg7 4. Bb2 O-O 5. Bg2 d5 6. c4 dxc4 7. bxc4 c5 8. O-O Nc6 9. d3 Bd7 10. Nc3 Qc8 11. Rb1 Bh3 12. Nd5 Bxg2 13. Kxg2 Qd7 14. Nxf6+ Bxf6 15. Bxf6 exf6 16. Qd2 Rfe8 17. Rfd1 b6 18. Rb2 Re6 19. Qc3 Rae8 20. e3 Ne5 21. d4 Nxf3 22. Kxf3 h5 23. Kg2 h4 24. Rbd2 Re4 25. dxc5 Qf5 26. Kg1 bxc5 27. Rd8 Rxd8 28. Rxd8+ Kg7 29. Qd3 h3 30. Qd6 Re8 31. Rd7 Qb1+ 32. Qd1 Rb8 33. f3 Qxd1+ 34. Rxd1 Rb2 35. Rd5 Rg2+ 36. Kf1 Rxh2 37. a4 Rh1+ 0-1

[Event "Muenster Open"]
[Site "Muenster GER"]
[Date "1995.??.??"]
[Round "5"]
[White "Giorgadze, Giorgi"]
[Black "Rogozenko, Dorian"]
[Result "1/2-1/2"]
[WhiteElo "2590"]
[BlackElo "2440"]
[PlyCount "40"]
[EventDate "1995.??.??"]
[Source "www.chesslib.no"]
[SourceDate "2004.05.04"]

1. Nf3 Nf6 2. g3 g6 3. b4 Bg7 4. Bb2 d5 5. Bg2 O-O 6. O-O c6 7. d3 a5 8. bxa5 Qxa5 9. Nbd2 Re8 10. a4 Nbd7 11. Nb3 Qc7 12. Nfd2 c5 13. c4 d4 14. a5 Nb8 15. Nb1 Bd7 16. Na3 Bc6 17. Nb5 Qc8 18. Bc1 Bxg2 19. Kxg2 Qc6+ 20. Kg1 Nbd7 1/2-1/2

[Event "Vinkovci"]
[Site "Vinkovci"]
[Date "1993.??.??"]
[Round "10"]
[White "Sulava, Nenad"]
[Black "Kozul, Zdenko"]
[Result "1/2-1/2"]
[WhiteElo "2430"]
[BlackElo "2595"]
[PlyCount "96"]
[EventDate "1993.12.??"]
[Source "ChessBase"]

1. Nf3 Nf6 2. g3 g6 3. b3 Bg7 4. Bb2 O-O 5. Bg2 a5 6. O-O d6 7. d4 a4 8. b4 Nfd7 9. c4 c5 10. a3 Nc6 11. Bc3 cxd4 12. Nxd4 Nce5 13. Nd2 Nb6 14. Rc1 Bh6 15. Ba1 Bxd2 16. Qxd2 Nexc4 17. Rxc4 Nxc4 18. Qc3 Ne5 19. f4 Qb6 20. e3 Bg4 21. fxe5 Rac8 22. Qd3 dxe5 23. Qe4 exd4 24. Qxg4 d3 25. Qd4 Qxd4 26. Bxd4 d2 27. Kf2 Rfd8 28. Rd1 b5 29. Bf1 Rc1 30. Rxd2 Ra1 31. Bxb5 Rxa3 32. Ke2 Rb3 33. Bxa4 Rxb4 34. Bd1 h5 35. h4 Rb5 36. Ba4 Rf5 37. Bb3 e6 38. Bc3 Rxd2+ 39. Bxd2 Rb5 40. Bc2 Rd5 41. Bb3 Rf5 42. Bc2 Rd5 43. Bd3 Rd8 44. Bc3 Rc8 45. Bf6 Ra8 46. Kf3 Ra3 47. Be4 Ra2 48. Kf4 Ra5 1/2-1/2

[Event "Tan Chin Nam"]
[Site "Beijing"]
[Date "1998.06.18"]
[Round "11"]
[White "Ye Jiangchuan"]
[Black "Xie Jun"]
[Result "0-1"]
[WhiteElo "2530"]
[BlackElo "2485"]
[PlyCount "98"]
[EventDate "1998.06.08"]
[Source "ChessBase"]
[SourceDate "1998.09.30"]

1. Nf3 Nf6 2. g3 g6 3. b4 Bg7 4. Bb2 O-O 5. Bg2 d6 6. d3 e5 7. O-O a5 8. a3 Na6 9. Nbd2 c5 10. bxc5 Nxc5 11. Rb1 Na4 12. Ba1 Nd5 13. Qe1 Ndc3 14. Rb3 Qc7 15. Nb1 Nxb1 16. Qxb1 Nc5 17. Rb6 Na4 18. Rb5 Rb8 19. Qb3 Nc5 20. Qc3 Bd7 21. Rbb1 Bc6 22. Qd2 b5 23. e4 Rfc8 24. h4 d5 25. exd5 Bxd5 26. Rfe1 Nd7 27. Rbc1 Qb7 28. Qe3 Nf6 29. Qe2 Re8 30. c4 bxc4 31. dxc4 Bc6 32. Rcd1 Bf8 33. Qd3 Ng4 34. Qc3 Bc5 35. Rd2 f6 36. h5 Rbd8 37. Rde2 a4 38. hxg6 hxg6 39. Qc2 Bxf3 40. Qxg6+ Kf8 41. Rb2 Bxf2+ 42. Rxf2 Qa7 43. Ref1 Rd1 44. Qc2 Rxf1+ 45. Bxf1 Qc5 46. Bc3 Kg7 47. Be1 Rh8 48. Bg2 Bxg2 49. Kxg2 Ne3+ 0-1

[Event "CRO-chT"]
[Site "?"]
[Date "2000.09.13"]
[Round "3"]
[White "Bistric Faruk"]
[Black "Delchev Aleksander"]
[Result "0-1"]
[WhiteElo "2451"]
[BlackElo "2557"]
[PlyCount "40"]
[EventDate "2000.??.??"]
[Source "www.chesslib.no"]
[SourceDate "2004.05.04"]

1. Nf3 Nf6 2. g3 g6 3. b3 d6 4. d4 c5 5. c4 cxd4 6. Nxd4 d5 7. Bg2 dxc4 8. O-O Bg7 9. bxc4 O-O 10. Nc3 Ng4 11. e3 Nc6 12. Rb1 Nge5 13. Nd5 Nxc4 14. Qc2 N4a5 15. Rd1 Bg4 16. Rd3 Rc8 17. Qa4 e5 18. Nb3 Be2 19. Rc3 e4 20. Nxa5 Qxd5 0-1

[Event "Yerevan op"]
[Site "?"]
[Date "1996.??.??"]
[Round "8"]
[White "Nalbandian Tigran"]
[Black "Kuzmin Alexey"]
[Result "1-0"]
[WhiteElo "2475"]
[BlackElo "2530"]
[PlyCount "75"]
[EventDate "1996.??.??"]
[Source "www.chesslib.no"]
[SourceDate "2004.05.04"]

1. Nf3 Nf6 2. g3 g6 3. Bg2 Bg7 4. O-O O-O 5. c4 d6 6. Nc3 a6 7. Rb1 c6 8. b4 b5 9. d3 bxc4 10. dxc4 Bf5 11. Rb3 Be6 12. Qd3 Nfd7 13. Nd1 a5 14. a3 axb4 15. axb4 Nb6 16. Ne3 N8d7 17. Ng5 Ne5 18. Nxe6 fxe6 19. Qc2 d5 20. c5 Nbc4 21. Bh3 Rf6 22. Ng2 Nf7 23. e4 e5 24. exd5 cxd5 25. Ne3 Nxe3 26. Bxe3 e4 27. Rd1 Ne5 28. Bd4 Nf3+ 29. Rxf3 Rxf3 30. Be6+ Kh8 31. Bxg7+ Kxg7 32. Bxd5 Rd3 33. Rxd3 exd3 34. Qc3+ Kh6 35. Bxa8 d2 36. Bf3 d1=Q+ 37. Bxd1 Qxd1+ 38. Kg2 1-0

[Event "JUG Team Ch"]
[Site "Cetinje"]
[Date "1993.??.??"]
[Round "4"]
[White "Damljanovic, Branko"]
[Black "Simic, Radoslav"]
[Result "1/2-1/2"]
[WhiteElo "2550"]
[BlackElo "2455"]
[PlyCount "54"]
[EventDate "1993.??.??"]
[Source "www.chesslib.no"]
[SourceDate "2004.05.04"]

1. Nf3 Nf6 2. g3 g6 3. b3 Bg7 4. Bb2 O-O 5. Bg2 d5 6. O-O a5 7. c4 a4 8. cxd5 axb3 9. Qxb3 Qxd5 10. Qxd5 Nxd5 11. Bxg7 Kxg7 12. Rc1 c6 13. Nc3 Rd8 14. d3 Ra3 15. Nb1 Ra7 16. a3 Bg4 17. Ra2 Bxf3 18. Bxf3 Nf6 19. Rb2 Ne8 20. Nc3 Nd6 21. a4 e5 22. Ne4 Nxe4 23. Bxe4 Rd4 24. Rcb1 Nd7 25. Rxb7 Rxb7 26. Rxb7 Nc5 27. Rc7 Nxe4 1/2-1/2

[Event "Lone Pine"]
[Site "Lone Pine"]
[Date "1976.??.??"]
[Round "6"]
[White "Smyslov, Vassily"]
[Black "Grefe, John A"]
[Result "1/2-1/2"]
[WhiteElo "2580"]
[BlackElo "2420"]
[PlyCount "37"]
[EventDate "1976.??.??"]
[Source "ChessBase"]

1. Nf3 Nf6 2. g3 g6 3. b4 c6 4. Bb2 a5 5. a3 d5 6. Bg2 axb4 7. axb4 Rxa1 8. Bxa1 Na6 9. c3 Bg7 10. d3 O-O 11. O-O Bg4 12. Nbd2 Nd7 13. h3 Bxf3 14. Bxf3 e6 15. Bg2 Qb6 16. Qc2 Ra8 17. Bb2 Nc7 18. Ra1 Rxa1+ 19. Bxa1 1/2-1/2

[Event "Sarajevo"]
[Site "Sarajevo"]
[Date "1987.??.??"]
[Round "?"]
[White "Dizdar, Goran"]
[Black "Kurajica, Bojan"]
[Result "1/2-1/2"]
[WhiteElo "2505"]
[BlackElo "2495"]
[PlyCount "93"]
[EventDate "1987.03.??"]
[Source "ChessBase"]

1. Nf3 Nf6 2. g3 g6 3. Bg2 Bg7 4. O-O O-O 5. c4 d6 6. d4 Bf5 7. b3 Qc8 8. Bb2 Bh3 9. Nbd2 Bxg2 10. Kxg2 Nh5 11. Qc2 Nc6 12. d5 Nb4 13. Qc1 e5 14. dxe6 Qxe6 15. Bxg7 Nxg7 16. Qc3 Nc6 17. e4 f5 18. exf5 Qxf5 19. Rae1 Rae8 20. Nh4 Qg4 21. Nhf3 Nh5 22. Kh1 Ng7 23. Kg2 Nh5 24. Kh1 Qf5 25. Kg1 Qg4 26. Kh1 a5 27. a3 Ng7 28. Kg2 Nh5 29. Kh1 Qf5 30. Kg1 Qg4 31. Rxe8 Rxe8 32. Re1 Rxe1+ 33. Nxe1 Qe2 34. Nd3 Ng7 35. Nf4 Qd1+ 36. Kg2 Nf5 37. Qd3 Ne5 38. Qd5+ Kg7 39. Nf3 Nxf3 40. Qxf3 Qd4 41. h4 Qe5 42. b4 axb4 43. axb4 Nd4 44. Qd3 Nf5 45. Qf3 Nd4 46. Qd3 Nf5 47. Qf3 1/2-1/2

[Event "ISR-chT"]
[Site "Israel"]
[Date "1996.??.??"]
[Round "6"]
[White "Zoler, Dan"]
[Black "Tseitlin, Mark D"]
[Result "1-0"]
[WhiteElo "2455"]
[BlackElo "2545"]
[PlyCount "71"]
[EventDate "1996.??.??"]
[Source "ChessBase"]

1. Nf3 Nf6 2. g3 g6 3. b3 Bg7 4. Bb2 O-O 5. Bg2 d6 6. O-O e5 7. d3 Nc6 8. c4 Ng4 9. Nc3 f5 10. Nd2 Be6 11. Nd5 Qd7 12. b4 Nd8 13. b5 c6 14. Nc3 Nf6 15. a4 d5 16. bxc6 bxc6 17. cxd5 cxd5 18. Ba3 Re8 19. Nb3 e4 20. Nc5 Qf7 21. Nb5 Bf8 22. Rc1 Rc8 23. dxe4 dxe4 24. Nd6 Bxd6 25. Qxd6 Rc6 26. Qd4 Bd5 27. Rfd1 Ne6 28. Nxe6 Qxe6 29. Rxc6 Bxc6 30. Bb2 Rf8 31. Rc1 Rf7 32. e3 Bd5 33. Bf1 h5 34. Rc5 Kh7 35. Ra5 Kg7 36. Rxd5 1-0

[Event "Malaga op"]
[Site "Malaga"]
[Date "1999.02.09"]
[Round "7"]
[White "Campora, Daniel Hugo"]
[Black "Moreno Carnero, Javier"]
[Result "0-1"]
[WhiteElo "2551"]
[BlackElo "2449"]
[PlyCount "52"]
[EventDate "1999.02.03"]
[Source "ChessBase"]
[SourceDate "1999.03.01"]

1. Nf3 Nf6 2. g3 g6 3. b4 Bg7 4. Bb2 c6 5. Bg2 a5 6. bxa5 Qxa5 7. O-O O-O 8. d3 d6 9. c4 Na6 10. a4 Qh5 11. Nbd2 Bh3 12. Qc2 Nc5 13. Rfb1 e5 14. a5 Ng4 15. Nf1 f5 16. Nh4 Bxg2 17. Nxg2 Ne6 18. h4 Nxf2 19. Kxf2 f4 20. g4 Qxg4 21. Kg1 g5 22. d4 exd4 23. Ra3 Rae8 24. Nh2 Qh5 25. c5 Nxc5 26. Nxf4 gxf4 0-1